Pevnostná analýza atomizačnej tlakovej nádoby

Enregistré dans:
Détails bibliographiques
Auteur principal: Kolesár, Jakub (Auteur)
Autres auteurs: Élesztös, Pavel (Directeur de thèse)
Format: Manuscrit Livre
Langue:slovaque
Publié: 2017
Sujets:
Accès en ligne:http://is.stuba.sk/zp/portal_zp.pl?podrobnosti=140289
Tags: Ajouter un tag
Pas de tags, Soyez le premier à ajouter un tag!

MARC

LEADER 00000ntm a22000003a 4500
001 stuzp62511
003 SK-STU
005 20170624211615.0
007 ta
008 150427s2015----xo-----f-mn---000-0-slo-d
040 |a STU  |b slo 
041 0 |a slo 
100 1 |a Kolesár, Jakub  |u 020010  |4 aut  |U SjF Strojnícka fakulta  |T SjF Ústav aplikovanej mechaniky a mechatroniky  |X 69900  |U J0010  |Y 801  |7 A000069900 
242 0 1 |a Stress analysis of atomizational pressure gauge  |y eng 
245 1 0 |a Pevnostná analýza atomizačnej tlakovej nádoby 
260 |c 2017 
650 4 |a pružnosť a pevnosť  |2 slo 
650 4 |a MKP  |2 slo 
650 4 |a tenkostenná nádoba  |2 slo 
650 4 |a mechanics  |2 eng 
650 4 |a finite element method  |2 eng 
650 4 |a pressure gauge  |2 eng 
700 1 |a Élesztös, Pavel  |u 020010  |k Z1  |4 ths  |U SjF Strojnícka fakulta  |T SjF Ústav aplikovanej mechaniky a mechatroniky  |X 2450  |U J0010  |Y 801  |7 A000002450 
856 4 |u http://is.stuba.sk/zp/portal_zp.pl?podrobnosti=140289